Kvantitatívne metódy v logistike

Enregistré dans:
Détails bibliographiques
Auteur principal: Brezina, Ivan, 1963-
Collectivité auteur: Ekonomická univerzita v Bratislave. Fakulta hospodárskej informatiky
Format: Livre
Langue:slovaque
Publié: Bratislava Vydavateľstvo EKONÓM 2003
Sujets:
Tags: Ajouter un tag
Pas de tags, Soyez le premier à ajouter un tag!

MARC

LEADER 00000nam$a2200000$$$4500
001 0000367
005 20240502071344.8
020 |a 80-225-1735-6 
041 0 |a slo 
044 |a SK 
245 1 0 |a Kvantitatívne metódy v logistike  |c Ivan Brezina 
264 1 |a Bratislava  |b Vydavateľstvo EKONÓM  |c 2003 
300 |a 294 s. 
610 2 0 |a logistika 
610 2 0 |a preprava 
610 2 0 |a skladovanie 
610 2 0 |a zásobovanie 
100 1 |a Brezina, Ivan, 1963- 
710 2 |a Ekonomická univerzita v Bratislave. Fakulta hospodárskej informatiky